[Event "Lake Sevan"]
[Site "?"]
[Date "????.??.??"]
[Round "1.4"]
[White "Khairullin, I."]
[Black "Melkumyan, H."]
[Result "1/2-1/2"]
[WhiteElo "2649"]
[BlackElo "2600"]
[PlyCount "107"]
[EventDate "2011.??.??"]

1. d4 Nf6 2. c4 g6 3. Nc3 d5 4. Bf4 Bg7 5. e3 O-O 6. Rc1 Be6 7. Qb3 c5 8. Qxb7
Qb6 9. Qxb6 axb6 10. Nf3 Nc6 11. dxc5 bxc5 12. cxd5 Nxd5 13. Nxd5 Bxd5 14. Rxc5
e6 15. Bc4 Bxc4 16. Rxc4 Rxa2 17. O-O Na5 18. Rc5 Nb7 19. Rc7 Rxb2 20. g4 Rb5
21. Kg2 e5 22. Bxe5 Bxe5 23. Nxe5 Rxe5 24. Rxb7 h5 25. h3 hxg4 26. hxg4 Rfe8
27. Kf3 Kg7 28. Rd1 R8e7 29. Rb8 Re8 30. Rb4 R8e6 31. Kf4 Re7 32. Rd8 Re8 33.
Rxe8 Rxe8 34. e4 Ra8 35. e5 Ra7 36. Ke4 Ra1 37. f3 Re1+ 38. Kd5 Rd1+ 39. Rd4
Rg1 40. Kd6 g5 41. e6 fxe6 42. Kxe6 Re1+ 43. Kf5 Re3 44. Rd7+ Kg8 45. Kg6 Rxf3
46. Rd8+ Rf8 47. Rxf8+ Kxf8 48. Kxg5 Kg7 49. Kf5 Kf7 50. g5 Kg7 51. g6 Kg8 52.
Kf6 Kf8 53. g7+ Kg8 54. Kg6 1/2-1/2

[Event "Lake Sevan"]
[Site "?"]
[Date "????.??.??"]
[Round "1.2"]
[White "Pashikian, A."]
[Black "Petrosian, T."]
[Result "1/2-1/2"]
[WhiteElo "2616"]
[BlackElo "2636"]
[PlyCount "135"]
[EventDate "2011.??.??"]

1. d4 d5 2. c4 c6 3. Nc3 Nf6 4. e3 g6 5. Nf3 Bg7 6. Be2 O-O 7. h3 Be6 8. b3 c5
9. Bb2 Nc6 10. O-O Rc8 11. dxc5 dxc4 12. Ng5 Bf5 13. Bxc4 Ne5 14. e4 Nxc4 15.
bxc4 Bd7 16. e5 Ne8 17. Nd5 e6 18. Nf6+ Nxf6 19. exf6 Bxf6 20. Bxf6 Qxf6 21.
Nxh7 Kxh7 22. Qxd7 Rxc5 23. Qxb7 a5 24. Rac1 Rfc8 25. Rfd1 R8c7 26. Qe4 Qf5 27.
Qd4 Qe5 28. Qd3 Qf4 29. g3 Qf5 30. Qxf5 gxf5 31. Rd4 e5 32. Rd6 Kg7 33. Ra6
Rxc4 34. Rxc4 Rxc4 35. Rxa5 f6 36. Kg2 Rc2 37. a4 Ra2 38. Kf1 Ra1+ 39. Ke2 Ra2+
40. Kf1 Ra1+ 41. Kg2 Ra2 42. h4 Kg6 43. Kf1 Ra1+ 44. Ke2 Ra2+ 45. Kf1 Ra1+ 46.
Kg2 Ra2 47. Ra8 e4 48. a5 e3 49. Kf3 exf2 50. Kg2 Kh7 51. a6 Kg7 52. a7 Kh7 53.
h5 Kg7 54. h6+ Kh7 55. Kf1 f4 56. g4 f3 57. Rf8 Rxa7 58. Rxf6 Ra4 59. g5 Rg4
60. Rf7+ Kh8 61. Rf8+ Kh7 62. Rf7+ Kh8 63. Rf5 Rg2 64. Rf8+ Kh7 65. Rf7+ Kg8
66. Rg7+ Kh8 67. g6 Rh2 68. Rh7+ 1/2-1/2

[Event "Lake Sevan"]
[Site "?"]
[Date "????.??.??"]
[Round "1.3"]
[White "Grigoryan, A."]
[Black "Andriasian, Z."]
[Result "1/2-1/2"]
[WhiteElo "2608"]
[BlackElo "2616"]
[PlyCount "89"]
[EventDate "2011.??.??"]

1. e4 c6 2. d4 d5 3. Nc3 dxe4 4. Nxe4 Bf5 5. Ng3 Bg6 6. h4 h6 7. Nf3 Nd7 8. h5
Bh7 9. Bd3 Bxd3 10. Qxd3 e6 11. Bf4 Qa5+ 12. Bd2 Bb4 13. c3 Be7 14. c4 Qc7 15.
O-O-O Ngf6 16. Rhe1 O-O 17. Nf5 exf5 18. Rxe7 Qd6 19. Re2 Ne4 20. Nh4 Ndc5 21.
Qc2 Qxd4 22. Nxf5 Qf6 23. g4 Nxd2 24. Rexd2 Rad8 25. Nd6 a5 26. Qf5 Qxf5 27.
gxf5 Rd7 28. f6 gxf6 29. Nf5 Rxd2 30. Rxd2 Re8 31. Nxh6+ Kh7 32. Nxf7 Re7 33.
Nd6 Re1+ 34. Kc2 Kh6 35. a3 Kxh5 36. b4 axb4 37. axb4 Ne4 38. Nxe4 Rxe4 39. Kc3
f5 40. Rd7 b5 41. cxb5 cxb5 42. Rd5 Rc4+ 43. Kb3 Rf4 44. Rxb5 Rf3+ 45. Kc4
1/2-1/2

[Event "Lake Sevan"]
[Site "?"]
[Date "????.??.??"]
[Round "1.5"]
[White "Zhou, J."]
[Black "Ter-Sahakyan, S."]
[Result "1/2-1/2"]
[WhiteElo "2636"]
[BlackElo "2558"]
[PlyCount "55"]
[EventDate "2011.??.??"]

1. d4 d5 2. c4 c6 3. Nf3 Nf6 4. Nc3 e6 5. Bg5 h6 6. Bxf6 Qxf6 7. e3 Nd7 8. Bd3
dxc4 9. Bxc4 g6 10. O-O Bg7 11. Qb3 O-O 12. Qa3 Re8 13. Rfd1 Qe7 14. Qxe7 Rxe7
15. Rac1 Nb6 16. Be2 Nd5 17. Ne4 Bd7 18. Nc5 Be8 19. h4 Rc7 20. Bc4 Rd8 21. Nd3
a5 22. a3 b6 23. b4 axb4 24. Bxd5 Rxd5 25. axb4 Bf8 26. Ra1 c5 27. bxc5 bxc5
28. Nxc5 1/2-1/2

[Event "Lake Sevan"]
[Site "?"]
[Date "2011.??.??"]
[Round "4.1"]
[White "Andriasian, Z."]
[Black "Petrosian, T."]
[Result "1/2-1/2"]
[WhiteElo "2616"]
[BlackElo "2636"]
[PlyCount "25"]
[EventDate "2011.??.??"]

1. c4 e5 2. Nc3 Nf6 3. g3 Bb4 4. Bg2 O-O 5. e4 Bxc3 6. dxc3 d6 7. Ne2 a6 8. a4
Be6 9. b3 Nbd7 10. a5 Nc5 11. Qc2 b6 12. O-O Qb8 13. Ba3 1/2-1/2

[Event "Lake Sevan"]
[Site "?"]
[Date "????.??.??"]
[Round "3.3"]
[White "Zhou, J."]
[Black "Melkumyan, H."]
[Result "1-0"]
[WhiteElo "2636"]
[BlackElo "2600"]
[PlyCount "75"]
[EventDate "2011.??.??"]

1. c4 Nf6 2. Nc3 d5 3. cxd5 Nxd5 4. g3 Nxc3 5. bxc3 g6 6. Bg2 Bg7 7. Rb1 Nd7 8.
Nf3 c5 9. Qa4 O-O 10. O-O Qc7 11. d4 Nb6 12. Qa3 cxd4 13. cxd4 Bf5 14. Bf4 Qc4
15. e4 Be6 16. Qxe7 Qa6 17. Be5 Bc4 18. Bxg7 Kxg7 19. Rfe1 Rae8 20. Qh4 Qxa2
21. Ra1 Qc2 22. Rxa7 Ba6 23. e5 Qf5 24. Ng5 h6 25. Ne4 Nc8 26. Ra8 g5 27. Qh5
Rd8 28. Bh3 Qg6 29. Qf3 Qc6 30. d5 Rxd5 31. Qf6+ Qxf6 32. exf6+ Kg6 33. Rxc8
Rxc8 34. Bxc8 h5 35. f3 Rb5 36. g4 Rb3 37. Bf5+ Kh6 38. Nd6 1-0

[Event "Lake Sevan"]
[Site "?"]
[Date "2011.??.??"]
[Round "3.4"]
[White "Khairullin, I."]
[Black "Grigoryan, A."]
[Result "1/2-1/2"]
[WhiteElo "2649"]
[BlackElo "2608"]
[PlyCount "33"]
[EventDate "2011.??.??"]

1. d4 d5 2. c4 c6 3. Nf3 e6 4. Qc2 Nf6 5. Nbd2 c5 6. dxc5 d4 7. b4 a5 8. Bb2
axb4 9. Nb3 Nbd7 10. Nfxd4 Nxc5 11. g3 Qb6 12. Bg2 Bd7 13. O-O Na4 14. Nf3 Nxb2
15. Qxb2 Bc6 16. Nbd4 Bc5 17. Nxc6 1/2-1/2

[Event "Lake Sevan"]
[Site "?"]
[Date "????.??.??"]
[Round "3.1"]
[White "Ter-Sahakyan, S."]
[Black "Petrosian, T."]
[Result "1/2-1/2"]
[WhiteElo "2558"]
[BlackElo "2636"]
[PlyCount "57"]
[EventDate "2011.??.??"]

1. e4 e5 2. Nf3 Nc6 3. Bb5 Nf6 4. O-O Nxe4 5. d4 Nd6 6. Bxc6 dxc6 7. dxe5 Nf5
8. Qxd8+ Kxd8 9. Nc3 Ke8 10. h3 h5 11. Bf4 Be7 12. Rad1 Be6 13. Ng5 Rh6 14.
Rfe1 Rd8 15. Rxd8+ Bxd8 16. Nce4 Bc8 17. e6 f6 18. Nf7 Rh7 19. Nxd8 Kxd8 20.
Rd1+ Ke7 21. Bxc7 Rh8 22. Nc5 b6 23. g4 hxg4 24. hxg4 Nh4 25. Bd6+ Ke8 26. Bc7
Ke7 27. Bd6+ Ke8 28. Bc7 Ke7 29. Bd6+ 1/2-1/2

[Event "Lake Sevan"]
[Site "?"]
[Date "????.??.??"]
[Round "?"]
[White "Andriasian, Z."]
[Black "Ter-Sahakyan, S."]
[Result "1/2-1/2"]
[WhiteElo "2616"]
[BlackElo "2558"]
[PlyCount "67"]
[EventDate "2011.??.??"]

1. e4 c5 2. Nf3 d6 3. d4 cxd4 4. Nxd4 Nf6 5. Nc3 a6 6. Be3 e5 7. Nf3 Be7 8. Bc4
O-O 9. O-O Nc6 10. Bg5 Be6 11. Qe2 Nh5 12. Be3 Nf6 13. Rad1 b5 14. Bb3 Rc8 15.
Nd5 Bxd5 16. Bxd5 Nxd5 17. Rxd5 Qa5 18. a3 Qa4 19. Bc1 f5 20. exf5 Qg4 21. Nd4
Qxe2 22. Nxe2 Rxf5 23. Ng3 Rff8 24. Ne4 Nd4 25. c3 Ne2+ 26. Kh1 Rc4 27. Bg5
Bxg5 28. Nxg5 Rf6 29. Rd2 h6 30. Nh3 Nf4 31. Nxf4 Rcxf4 32. g3 Rc4 33. Rfd1 Rc6
34. Kg2 1/2-1/2

[Event "Lake Sevan"]
[Site "?"]
[Date "????.??.??"]
[Round "?"]
[White "Petrosian, T."]
[Black "Zhou, J."]
[Result "1-0"]
[WhiteElo "2636"]
[BlackElo "2636"]
[PlyCount "83"]
[EventDate "2011.??.??"]

1. e4 c5 2. Nf3 d6 3. c3 Nf6 4. h3 e6 5. Bd3 d5 6. e5 Nfd7 7. O-O Nc6 8. Re1
Qc7 9. Qe2 Rb8 10. Bc2 b5 11. d3 b4 12. c4 Nb6 13. Nbd2 Be7 14. Nf1 O-O 15. Bf4
Bb7 16. Qe3 Rfd8 17. b3 Nd4 18. Nxd4 cxd4 19. Qg3 Nd7 20. Bh6 Bf8 21. Bg5 Re8
22. Bf4 dxc4 23. dxc4 Nc5 24. Rad1 Rbd8 25. Nh2 d3 26. Bxd3 Nxd3 27. Rxd3 Rxd3
28. Qxd3 Rd8 29. Qe2 a5 30. Rd1 Qc6 31. Nf3 Rxd1+ 32. Qxd1 Be7 33. Qd4 h5 34.
Be3 a4 35. Qa7 a3 36. Qb8+ Kh7 37. Kh2 Kg6 38. Qh8 h4 39. Bh6 Bf6 40. Nxh4+
Bxh4 41. Qxg7+ Kf5 42. Qg4+ 1-0

[Event "Lake Sevan"]
[Site "?"]
[Date "2011.??.??"]
[Round "?"]
[White "Melkumyan, H."]
[Black "Pashikian, A."]
[Result "1-0"]
[WhiteElo "2600"]
[BlackElo "2616"]
[PlyCount "131"]
[EventDate "2011.??.??"]

1. d4 Nf6 2. c4 e6 3. Nc3 Bb4 4. e3 O-O 5. Bd3 d5 6. Nf3 c5 7. O-O dxc4 8. Bxc4
b6 9. Qe2 Bb7 10. Rd1 cxd4 11. exd4 Bxc3 12. bxc3 Nbd7 13. Bb3 Qc7 14. c4 Rfe8
15. Nd2 e5 16. d5 e4 17. Nf1 Nc5 18. Bb2 Qf4 19. Bc2 Ng4 20. Rd4 Qg5 21. f3
exf3 22. Qxf3 Ne5 23. Qg3 Qxg3 24. Nxg3 Ba6 25. Bb3 Bc8 26. Rad1 Bg4 27. R1d2
Bd7 28. Bd1 Rac8 29. Be2 Na4 30. Ne4 Nxb2 31. Rxb2 Red8 32. Kf2 Bf5 33. Ng3 Bg6
34. h4 h6 35. h5 Bh7 36. d6 f6 37. Rbd2 Kf8 38. Ke3 Rc6 39. Kf4 Bg8 40. Nf5 Be6
41. Ne7 Rc5 42. Ng6+ Kf7 43. Re4 Nxc4 44. Bxc4 Rxc4 45. Rxc4 Bxc4 46. Ne7 Rd7
47. g4 Ke6 48. Nf5 a6 49. a3 b5 50. Ke4 a5 51. Kd4 Rd8 52. a4 Rc8 53. Ne7 Rb8
54. Kc5 Kd7 55. Rb2 Bf1 56. Rb1 Bd3 57. Rb3 Bf1 58. Rf3 Bg2 59. Rf2 Bh1 60.
axb5 a4 61. Re2 Re8 62. Ra2 Ra8 63. Nc6 Rc8 64. Re2 Re8 65. Rxe8 Kxe8 66. b6
1-0

[Event "Lake Sevan"]
[Site "?"]
[Date "2011.??.??"]
[Round "5.2"]
[White "Petrosian, T."]
[Black "Melkumyan, H."]
[Result "1/2-1/2"]
[WhiteElo "2636"]
[BlackElo "2600"]
[PlyCount "126"]
[EventDate "2011.??.??"]

1. e4 e5 2. Nf3 Nc6 3. Bc4 Bc5 4. c3 Nf6 5. d3 a6 6. Bb3 d6 7. O-O Ba7 8. h3 h6
9. Re1 O-O 10. Nbd2 Re8 11. Nf1 Be6 12. Bc2 d5 13. exd5 Bxd5 14. Ng3 Bc5 15. b4
Bf8 16. a4 b5 17. Be3 Rb8 18. axb5 axb5 19. Ne4 Be7 20. Nfd2 Ra8 21. Qf3 Kh8
22. Nb3 Qd7 23. Nbc5 Bxc5 24. Nxf6 Bxf3 25. Nxd7 Bxe3 26. fxe3 Bd5 27. Nc5 f6
28. Kf2 Kg8 29. e4 Bf7 30. Ke3 Kf8 31. Ra6 Rxa6 32. Nxa6 Rc8 33. Bd1 Nd8 34.
Bg4 Be6 35. Ra1 Bxg4 36. hxg4 Nb7 37. Nc5 Nd6 38. Ra7 Ke7 39. Kf3 g6 40. Ra6 h5
41. gxh5 gxh5 42. Rc6 Ne8 43. Re6+ Kf7 44. Ra6 Nd6 45. Rc6 Ne8 46. d4 exd4 47.
cxd4 Rd8 48. Nb3 Ra8 49. Na5 Rd8 50. Nb3 Ra8 51. Na5 Rd8 52. Ke3 Kg6 53. Rc5
Nd6 54. Rxc7 Re8 55. e5 Nf5+ 56. Ke4 fxe5 57. dxe5 Rd8 58. Nc6 Rd2 59. e6 Rxg2
60. e7 Re2+ 61. Kf3 Re1 62. Rb7 Kf6 63. Rxb5 Nxe7 1/2-1/2

[Event "Lake Sevan"]
[Site "?"]
[Date "2011.??.??"]
[Round "5.1"]
[White "Zhou, J."]
[Black "Grigoryan, A."]
[Result "1-0"]
[WhiteElo "2636"]
[BlackElo "2608"]
[PlyCount "147"]
[EventDate "2011.??.??"]

1. d4 d5 2. c4 c6 3. Nf3 Nf6 4. Nc3 dxc4 5. a4 Bf5 6. Ne5 e6 7. f3 c5 8. e4 Bg6
9. Be3 cxd4 10. Qxd4 Qxd4 11. Bxd4 Nfd7 12. Nxd7 Nxd7 13. Bxc4 a6 14. Rc1 Rg8
15. h4 h6 16. Kf2 Bd6 17. Ba2 Ke7 18. h5 Bh7 19. Ne2 f6 20. g3 Rgc8 21. Nf4 Nc5
22. Ke2 Nxa4 23. Bxe6 Rxc1 24. Rxc1 Bxf4 25. gxf4 Kxe6 26. b3 Rd8 27. Ke3 Bg8
28. bxa4 Bf7 29. Rg1 Rg8 30. Rb1 b5 31. axb5 axb5 32. Rxb5 Rd8 33. Bc5 f5 34.
Rb6+ Kd7 35. Rb7+ Ke8 36. Re7+ Kf8 37. Rd7+ Ke8 38. Re7+ Kf8 39. Re5+ Kg8 40.
Rxf5 Rd1 41. Bd4 Bc4 42. Bc5 Bf7 43. Bd4 Bc4 44. Bb6 Rd3+ 45. Kf2 Rd2+ 46. Kg3
Bf1 47. Bf2 Rd3 48. Bc5 Be2 49. Rf8+ Kh7 50. Be3 Bd1 51. Kf2 Bb3 52. f5 Rd7 53.
f6 Bf7 54. Bd4 gxf6 55. Bxf6 Bxh5 56. f4 Rf7 57. Rxf7+ Bxf7 58. f5 Bb3 59. Ke3
Kg8 60. e5 Bc2 61. Kf4 Kf7 62. Bh4 Bb3 63. Ke3 Ba2 64. Kd4 Bb3 65. Kc5 Bc2 66.
e6+ Ke8 67. f6 Bg6 68. Kd6 Bh5 69. Be1 Bg6 70. Bf2 Bh5 71. Be3 Bg6 72. Bxh6 Bh5
73. Ke5 Bg6 74. Kf4 1-0

[Event "Lake Sevan"]
[Site "?"]
[Date "2011.??.??"]
[Round "6.5"]
[White "Grigoryan, A."]
[Black "Ter-Sahakyan, S."]
[Result "1/2-1/2"]
[WhiteElo "2608"]
[BlackElo "2558"]
[PlyCount "140"]
[EventDate "2011.??.??"]

1. d4 d5 2. c4 c6 3. Nf3 Nf6 4. Nc3 e6 5. Bg5 h6 6. Bxf6 Qxf6 7. e3 Nd7 8. Bd3
dxc4 9. Bxc4 g6 10. O-O Bg7 11. Re1 O-O 12. e4 e5 13. d5 Rd8 14. h3 Nc5 15. Qe2
a5 16. a4 Bf8 17. Red1 Bd7 18. Rd2 Be8 19. Rad1 Rab8 20. Ba2 cxd5 21. Nxd5 Qg7
22. Qc4 Kh8 23. Nc7 Rxd2 24. Rxd2 Bxa4 25. Rd5 b5 26. Qc3 b4 27. Qc4 b3 28. Bb1
f6 29. Ne6 Nxe6 30. Qxa4 Qc7 31. Rd1 Nc5 32. Qc4 Kg7 33. Ne1 Rd8 34. Rxd8 Qxd8
35. Nd3 Qd4 36. Qxd4 exd4 37. Nxc5 Bxc5 38. Bd3 Bb4 39. Bc4 a4 40. Bb5 a3 41.
bxa3 b2 42. Bd3 Bxa3 43. Kf1 h5 44. Ke2 Bb4 45. Bb1 Kf7 46. Bd3 Ke6 47. Bc2 Ke5
48. Bb1 Bf8 49. Bd3 Bh6 50. Bb1 Kd6 51. Bc2 Kc5 52. Kd3 Bf4 53. Bb1 Bh2 54. Bc2
Bg1 55. f3 Be3 56. Bb1 Kb4 57. Bc2 Ka3 58. Bb1 Kb3 59. Ke2 Kc3 60. Bd3 g5 61.
Bb1 Kb4 62. Kd3 Kc5 63. Bc2 Kd6 64. Bb1 Ke5 65. Ke2 Kf4 66. Bd3 Kg3 67. Kf1 Bd2
68. Bc2 Bb4 69. Bd3 g4 70. fxg4 h4 1/2-1/2

[Event "Lake Sevan"]
[Site "?"]
[Date "????.??.??"]
[Round "6.4"]
[White "Andriasian, Z."]
[Black "Melkumyan, H."]
[Result "0-1"]
[WhiteElo "2616"]
[BlackElo "2600"]
[PlyCount "110"]
[EventDate "2011.??.??"]

1. e4 e5 2. Nf3 Nc6 3. Bb5 a6 4. Ba4 Nf6 5. O-O Be7 6. d3 b5 7. Bb3 d6 8. a4 b4
9. Bg5 Na5 10. Ba2 c5 11. Nbd2 O-O 12. c3 Rb8 13. Nc4 Nc6 14. Bxf6 Bxf6 15. Ne3
g6 16. Bd5 Bd7 17. g3 Qa5 18. Qc1 Ne7 19. Bc4 Bg7 20. h4 Bh6 21. Ng5 Kg7 22. f4
exf4 23. gxf4 f6 24. Qd2 Nc6 25. Nd5 Rbe8 26. Rae1 bxc3 27. bxc3 Bc8 28. Rb1
Qd8 29. Qg2 Kh8 30. Nf3 Na5 31. Rbe1 Nxc4 32. dxc4 Be6 33. Qh2 Qd7 34. Nb6 Qf7
35. Nd5 Bxd5 36. cxd5 Qd7 37. Kh1 Qg4 38. Nd2 f5 39. e5 dxe5 40. fxe5 Bxd2 41.
Qxd2 Rxe5 42. Rxe5 Qh3+ 43. Kg1 Qg3+ 44. Qg2 Qxe5 45. Qf3 f4 46. Rd1 g5 47.
hxg5 Qxg5+ 48. Kf2 Qh4+ 49. Kf1 Rg8 50. d6 Qh2 51. Qf2 Qh1+ 52. Ke2 Qe4+ 53.
Kf1 Qc4+ 54. Ke1 Re8+ 55. Kd2 Qa2+ 0-1

[Event "Lake Sevan"]
[Site "?"]
[Date "2011.??.??"]
[Round "7.2"]
[White "Petrosian, T."]
[Black "Grigoryan, A."]
[Result "1-0"]
[WhiteElo "2636"]
[BlackElo "2608"]
[PlyCount "147"]
[EventDate "2011.??.??"]

1. Nf3 Nf6 2. g3 d5 3. Bg2 Bf5 4. O-O e6 5. d3 h6 6. c4 c6 7. cxd5 cxd5 8. Qb3
Qb6 9. Qxb6 axb6 10. Nd4 Bh7 11. Nb5 Kd7 12. N1c3 Nc6 13. e4 dxe4 14. dxe4 Bc5
15. a3 Ke7 16. Rb1 Rhd8 17. b4 Bd4 18. Re1 Bxc3 19. Nxc3 Ne5 20. Nb5 Nd3 21.
Re2 Nxc1 22. Rxc1 Rac8 23. Rxc8 Rxc8 24. f3 g5 25. h3 Nh5 26. Kf2 Rc1 27. Rd2
Ra1 28. Rc2 Bg6 29. Re2 f6 30. Rd2 Be8 31. Nd6 Rxa3 32. Nxe8 Kxe8 33. Bf1 Rb3
34. Bc4 Rxb4 35. Bxe6 Ng7 36. Bc8 Rc4 37. Bxb7 Ke7 38. Rb2 Ne6 39. Bd5 Rc3 40.
Bxe6 Kxe6 41. Rxb6+ Kf7 42. g4 Kg7 43. Kg3 Ra3 44. Rb5 Kg6 45. Rf5 Ra2 46. h4
Re2 47. Ra5 gxh4+ 48. Kxh4 Rh2+ 49. Kg3 Rb2 50. Ra6 Kg7 51. Ra7+ Kg6 52. f4 h5
53. f5+ Kh6 54. Rf7 Rb6 55. gxh5 Kxh5 56. Rh7+ Kg5 57. Rg7+ Kh6 58. Rg6+ Kh7
59. Kg4 Rb4 60. Kf4 Rb6 61. Ke3 Ra6 62. Kd4 Ra4+ 63. Kd5 Ra5+ 64. Ke6 Re5+ 65.
Kxf6 Rxe4 66. Rg7+ Kh8 67. Re7 Ra4 68. Kg6 Rg4+ 69. Kf7 Rg7+ 70. Ke6 Rg1 71. f6
Re1+ 72. Kf7 Rf1 73. Re2 Rh1 74. Ke7 1-0

[Event "Lake Sevan"]
[Site "?"]
[Date "????.??.??"]
[Round "9.4"]
[White "Zhou, J."]
[Black "Andriasian, Z."]
[Result "1/2-1/2"]
[WhiteElo "2636"]
[BlackElo "2616"]
[PlyCount "35"]
[EventDate "2011.??.??"]

1. d4 d5 2. c4 c6 3. Nf3 Nf6 4. Nc3 dxc4 5. a4 Bf5 6. Ne5 Nbd7 7. Nxc4 Qc7 8.
g3 e5 9. dxe5 Nxe5 10. Bf4 Nfd7 11. Bg2 g5 12. Ne3 gxf4 13. Nxf5 O-O-O 14. Qc2
fxg3 15. hxg3 Kb8 16. O-O h5 17. Rfc1 Nf6 18. e3 1/2-1/2

[Event "Lake Sevan"]
[Site "?"]
[Date "????.??.??"]
[Round "9.5"]
[White "Ter-Sahakyan, S."]
[Black "Pashikian, A."]
[Result "1/2-1/2"]
[WhiteElo "2558"]
[BlackElo "2616"]
[PlyCount "70"]
[EventDate "2011.??.??"]

1. e4 e5 2. Nf3 Nc6 3. Bb5 Nf6 4. d3 Bc5 5. c3 O-O 6. O-O d6 7. Nbd2 a6 8. Ba4
Ba7 9. Bc2 Re8 10. Re1 d5 11. h3 h6 12. exd5 Qxd5 13. Qe2 Bf5 14. Ne4 Qd8 15.
Nh2 Nxe4 16. dxe4 Be6 17. Ng4 Qh4 18. Ne3 Ne7 19. Qf3 Rad8 20. Re2 Qf4 21. Qxf4
exf4 22. Ng4 Ng6 23. Nh2 f5 24. exf5 Bc4 25. Rxe8+ Rxe8 26. Nf3 Re2 27. fxg6
Bxf2+ 28. Kh1 Rxc2 29. Bxf4 Be2 30. Nd4 Bxd4 31. cxd4 Bd3 32. Rc1 Rxc1+ 33.
Bxc1 Bxg6 34. Bf4 c6 35. a4 Kf7 1/2-1/2